Giáo trình quản trị chuỗi cung ứng toàn cầu

Nội dung sách gồm: Giới thiệu và tổng quan về quản trị chuỗi cung ứng toàn cầu, chiến lược và hoạch định quản trị chuỗi cung ứng toàn cầu, chiến lược chuỗi cung ứng toàn cầu, hoạch định quản trị chuỗi cung ứng toàn cầu, quản trị nguồ...

Full beskrivning

Sparad:
Bibliografiska uppgifter
Huvudupphovsman: Tạ Văn Lợi (Chủ biên)
Materialtyp: Bok
Språk:Vietnamese
Publicerad: H. Đại học Kinh tế Quốc dân 2021
Ämnen:
Taggar: Lägg till en tagg
Inga taggar, Lägg till första taggen!
Thư viện lưu trữ: Thư viện Trường Đại học Nam Cần Thơ
LEADER 01859nam a22002417a 4500
001 NCT_148319
008 230407b xxu||||| |||| 00| 0 vie d
999 |c 7641  |d 7641 
020 |a 9786043300581  |c 162000 
082 0 4 |2 23rd ed.  |a 658.72  |b L462 
100 1 |a Tạ Văn Lợi  |e Chủ biên 
245 1 0 |a Giáo trình quản trị chuỗi cung ứng toàn cầu  |c Tạ Văn Lợi (Chủ biên) 
260 |a H.  |b Đại học Kinh tế Quốc dân  |c 2021 
300 |a 487 tr.  |c 24cm 
520 3 |a Nội dung sách gồm: Giới thiệu và tổng quan về quản trị chuỗi cung ứng toàn cầu, chiến lược và hoạch định quản trị chuỗi cung ứng toàn cầu, chiến lược chuỗi cung ứng toàn cầu, hoạch định quản trị chuỗi cung ứng toàn cầu, quản trị nguồn cung ứng toàn cầu, vận hành trong quản trị. 
653 |a Logistics và Quản lý chuỗi cung ứng 
942 |2 ddc  |c BK 
952 |0 0  |1 0  |2 ddc  |4 0  |6 658_720000000000000_L462  |7 0  |9 27459  |a 000001  |b 000001  |d 2023-04-07  |o 658.72 L462  |p MD.21711  |r 2023-04-07  |v 162000.00  |w 2023-04-07  |y BK 
952 |0 0  |1 0  |2 ddc  |4 0  |6 658_720000000000000_L462  |7 0  |9 27460  |a 000001  |b 000001  |d 2023-04-07  |o 658.72 L462  |p MD.21712  |r 2023-04-07  |v 162000.00  |w 2023-04-07  |y BK 
952 |0 0  |1 0  |2 ddc  |4 0  |6 658_720000000000000_L462  |7 0  |9 27461  |a 000001  |b 000001  |d 2023-04-07  |o 658.72 L462  |p MD.21713  |r 2023-04-07  |v 162000.00  |w 2023-04-07  |y BK 
952 |0 0  |1 0  |2 ddc  |4 0  |6 658_720000000000000_L462  |7 0  |9 27462  |a 000001  |b 000001  |d 2023-04-07  |o 658.72 L462  |p MD.21714  |r 2023-04-07  |v 162000.00  |w 2023-04-07  |y BK 
952 |0 0  |1 0  |2 ddc  |4 0  |6 658_720000000000000_L462  |7 0  |9 27463  |a 000001  |b 000001  |d 2023-04-07  |o 658.72 L462  |p MD.21715  |r 2023-04-07  |v 162000.00  |w 2023-04-07  |y BK 
980 |a Thư viện Trường Đại học Nam Cần Thơ